000 00744nam a2200217 a 4500
001 000016423
005 20200929164423.0
008 100305s1999 dr a 000 0 spa d
040 _aDO-SdBNP
082 _a363.348
_bR741p
100 1 _aRojas, Roberto
_92369
245 1 0 _aPrepararse para las emergencias /
_cRoberto Rojas ; prólogo Arturo Feliz.
260 _aSanto Domingo :
_bEditora Amalba,
_c1999.
300 _a177 p. :
_bil. ;
_c24 cm.
500 _aIncluye datos biográficos del autor en la contracubierta
504 _aIncluye referencias bibliográficas
650 4 _aPrevención de desastres
_936611
650 4 _aDesastres naturales
_xMedidas de seguridad
_936612
700 1 _aFeliz, Arturo,
_epról.
_936613
049 _aBNPD
999 _c15958
_d15958